<?xml version="1.0" encoding="UTF-8"?>
<record
    xmlns:xsi="http://www.w3.org/2001/XMLSchema-instance"
    xsi:schemaLocation="http://www.loc.gov/MARC21/slim http://www.loc.gov/standards/marcxml/schema/MARC21slim.xsd"
    xmlns="http://www.loc.gov/MARC21/slim">

  <leader>00539nam a2200181Ia 4500</leader>
  <controlfield tag="008">230718s9999    xx            000 0 und d</controlfield>
  <datafield tag="020" ind1=" " ind2=" ">
    <subfield code="a">9788194435006</subfield>
  </datafield>
  <datafield tag="041" ind1=" " ind2=" ">
    <subfield code="a">eng</subfield>
  </datafield>
  <datafield tag="082" ind1=" " ind2=" ">
    <subfield code="a">001.422</subfield>
    <subfield code="b">BRU</subfield>
  </datafield>
  <datafield tag="100" ind1=" " ind2=" ">
    <subfield code="a">Bruce P.</subfield>
    <subfield code="9">200713</subfield>
  </datafield>
  <datafield tag="245" ind1=" " ind2=" ">
    <subfield code="a">Practical Statistics For Data Scientists</subfield>
    <subfield code="b">50+Essential Concepts Using R And Python </subfield>
  </datafield>
  <datafield tag="250" ind1=" " ind2=" ">
    <subfield code="a">2nd ed</subfield>
  </datafield>
  <datafield tag="260" ind1=" " ind2=" ">
    <subfield code="c">2020</subfield>
    <subfield code="b">O'Reilly/SPD</subfield>
  </datafield>
  <datafield tag="300" ind1=" " ind2=" ">
    <subfield code="a">342</subfield>
  </datafield>
  <datafield tag="365" ind1=" " ind2=" ">
    <subfield code="c">Rs.</subfield>
    <subfield code="b">1475.00</subfield>
  </datafield>
  <datafield tag="700" ind1=" " ind2=" ">
    <subfield code="a">Bruce P.; Bruce A. &amp; Gedeck P.</subfield>
  </datafield>
  <datafield tag="906" ind1=" " ind2=" ">
    <subfield code="d">O:0751919-Sep-2022B:1169312-Sep-2022</subfield>
    <subfield code="c">TE</subfield>
    <subfield code="b">1475</subfield>
  </datafield>
  <datafield tag="999" ind1=" " ind2=" ">
    <subfield code="c">352620</subfield>
    <subfield code="d">352620</subfield>
  </datafield>
  <datafield tag="952" ind1=" " ind2=" ">
    <subfield code="0">0</subfield>
    <subfield code="1">0</subfield>
    <subfield code="4">0</subfield>
    <subfield code="7">0</subfield>
    <subfield code="a">CCEP</subfield>
    <subfield code="b">CCEP</subfield>
    <subfield code="d">2022-09-19</subfield>
    <subfield code="e">The Forward Books</subfield>
    <subfield code="f">TE</subfield>
    <subfield code="g">1106.25</subfield>
    <subfield code="i">11693</subfield>
    <subfield code="l">2</subfield>
    <subfield code="o">001.422</subfield>
    <subfield code="p">CCEP-BK-63831</subfield>
    <subfield code="r">2024-08-30 00:00:00</subfield>
    <subfield code="s">2024-08-14</subfield>
    <subfield code="t">1475</subfield>
    <subfield code="v">1475.00</subfield>
    <subfield code="w">2022-09-12</subfield>
    <subfield code="y">BK</subfield>
    <subfield code="z">063831</subfield>
  </datafield>
</record>
